000 00565nam a2200229Ia 4500
003 OSt
005 20220924141905.0
006 a|||||r|||| 00| 0
007 ta
008 220923b |||||||| |||| 00| 0 ben d
024 _a299671
037 _cTextual
040 _aARTS
_cARTS
_bben
041 _2ben
_aben
082 _aQ2216:33, 157H0
100 _aThakur B.
_9212669
245 0 _aShri shri chetanya Bhagvat
260 _c1940
650 _aRELIGION
942 _hQ2216:33, 157H0
_cTEXL
_2CC
999 _c448595
_d448595